000 00730nam a2200289Ia 4500
005 20260324112312.0
008 008 260324s9999 xx 000 0 eng d
020 _a9781003345503
037 _aEBOOK
040 _aCRL
040 _beng
040 _cCRL
041 _2eng
041 _aeng
084 _qCRL
100 _aAhmet Arı
_91142127
245 4 _aThe Sion Treasure Reconsidered
245 4 _bThe Biographies and Multivalence of Sacred Silver Objects in Sixth-Century Byzantium
260 _bTaylor and Francis
260 _c2024
365 _a
365 _b220
856 _uhttp://www.taylorfrancis.com/books/9781003345503
942 _cEBOOK
999 _c1731280
_d1731280